Footballers by Career - Juventus - Statistics

General Stats
  • This quiz has been taken 167 times
  • The average score is 9 of 10
Answer Stats
Player % Correct
Cristiano Ronaldo
99%
Gianluigi Buffon
98%
Zinedine Zidane
97%
Pavel Nedvěd
96%
Paulo Dybala
94%
Juan Cuadrado
89%
Fabio Cannavaro
84%
Edgar Davids
79%
David Trezeguet
78%
Filippo Inzaghi
70%
No matching quizzes found
Score Distribution
Percent of People with Each Score
Percentile by Number Answered
Your Score History
You have not taken this quiz